000 00509nam a2200157 a 4500
001 000036933
005 20200930080029.0
008 120207s1979 xxu 000 0 spa d
040 _aDO-SdBNP
_bspa
_cBNPHU
082 _axxxx
_bxxxx
245 0 3 _aLa energía nuclear y la proliferación de armas nucleares /
_ctraducción Alberto Luis Bixio.
260 _aMéxico, :
_bNoema,
_c1979.
300 _a176 p. ;
_c21 cm.
500 _aIncluye notas al pie de las páginas
700 1 _aBixio, Alberto Luis,
_etr,
_94946
999 _c36423
_d36423